000 00613nam a2200217Ii 4500
001 18948
003 CO-ViMGA
008 241108s9999||||xx |||||||||||||| ||und||
020 _a958815684X
040 _aCO-ViMGA
_bspa
_erda
_cCO-ViMGA
041 0 _aspa
082 0 4 _aR 759.9861 C17s
100 1 _aSantiago Cárdenas
_952023
245 1 0 _aSantiago Cárdenas
264 1 _aBogotá, Colombia : Villegas Editores, 2006
300 _avolumen
336 _atext
_btxt
_2rdacontent
337 _aunmediated
_bn
_2rdamedia
338 _avolume
_bnc
_2rdacarrier
940 _aidficha_siabuc: 18605. -- ficha_no_siabuc:18948
999 _c46789
_d46789